00802nam a22002657a 4500003000500000005001700005008004100022010001000063011001000073020001400083035001000097040000900107082002000116110000800136245017000144260002400314300001100338410000800349490003900357650003200396650003000428650003500458810000800493830003500501CHAP20220817043926.0040130d2003 it rn 00110 spa d a88022 a88994 a923046112 a99543 cCHAP04a632.4bF3y v.732 aFAO10aManual sobre la aplicación del sistema de análisis de peligros y de puntos críticos de control (APPCC) en la prevención y control de las micotoxinasc/by FAO aRome :bFAO,c2003. a132 p.00aFAO 0aAlimentación y nutriciónv; 7314aAlimentosxContaminación.14aAlimentosxToxicología.14aHongosxExcreciones tóxicas.0 aFAO00aAlimentacion y nutricionv; 73